Представление документа в формате RUSMARC

ПолеНазваниеЗначение
  Тип записи a
  Библиографический уровень a
001 Контрольный номер RU/УОНБ/EK_Kray/630086929
005 Дата корректировки 20240131005125.3
100 Данные общей обработки __
a Данные общей обработки 20191219d2019 ||| 0rusy0189 ca
101 Язык документа 0_
a Язык текста rus
102 Страна публикации __
a Страна публикации RU
105 Кодированные данные (монография) __
a Кодированные данные (монография) y###||||000|y
200 Заглавие и сведения об ответственности 1_
a Заглавие "С каждым годом я лишь убеждаюсь: этот путь мой"
e Сведения, относящиеся к заглавию беседа с клириком Михайло-Архангельского женского монастыря игуменом Пафнутием (Пичугиным)
f Первые сведения об ответственности и. Пафнутий
g Последующие сведения об ответственности записала Ирина Каткова
215 Физическое описание __
c Иллюстрации/тип воспроизводства 2 фот.
330 Аннотация __
a Аннотация О пути к вере и жизненных ценностях.
461 Уровень набора _0
1 2000
a Православный Симбирск
1 011
463 Уровень физической единицы _0
1 001RU/УОНБ/EK_Kray/630086368
1 2000
a 28 августа
v С.4
1 210
d 2019
600 Персоналии _1
a Персоналии (Фамилия) Пафнутий (Пичугин), игумен
610 Ключевые слова 0_
a Ключевые слова женские монастыри
610 Ключевые слова 0_
a Ключевые слова священники
610 Ключевые слова 0_
a Ключевые слова православие
686 Индексы других классификаций __
a Классификационный индекс 86.3-8
2 Код системы rubbk
700 Автор _1
a Фамилия Пафнутий, игумен
4 Код отношения 460
702 Вторичная интеллектуальная ответственность _1
a Фамилия Каткова
b Имя (инициалы) И.
g Полное личное имя Ирина
4 Код отношения 470
801 Источник записи _0
a Страна RU
b Организация Ульяновская ОНБ
c Дата составления 20191219
g Правила каталогизации RCR
801 Источник записи _1
a Страна RU
b Организация Ульяновская ОНБ
c Дата составления 20191219
g Правила каталогизации RCR
901 Тип документа __
t Тип документа b
w Контрольный № источника RU/УОНБ/EK_Kray/630086368
909 Создатель записи __
a Создатель записи Уба
938 Служебная информация __
a Имя БД kraeved_work
b Имя библиотеки УОНБ
c Имя АИБС МАРК-SQL
d Номер DOC_ID в БД 138779